| 000 | 00338nam a22001217a 4500 | ||
|---|---|---|---|
| 999 |
_c233318 _d233318 |
||
| 003 | Nust | ||
| 005 | 20170306171503.0 | ||
| 008 | 170306b xxu||||| |||| 00| 0 eng d | ||
| 040 | _c. | ||
| 082 | _a006 | ||
| 100 | _aNational Instruments Corporation | ||
| 245 | _aLabview Basic II Development Course Manual | ||
| 260 |
_aNew York : _bNational Instrumentation Corporation, _c2005. |
||
| 300 |
_a(i-v) p. ; _b28 cm. |
||
| 500 | _aPaperback. | ||
| 942 |
_cBK _2ddc |
||